Welcome to CU Library Online Public Access Catalogue (OPAC)

Making things right when things go wrong : (Record no. 6896)

MARC details
000 -LEADER
fixed length control field 00605cam a2200205 a 4500
001 - CONTROL NUMBER
control field 990977
005 - DATE AND TIME OF LATEST TRANSACTION
control field 20250709164440.0
008 - FIXED-LENGTH DATA ELEMENTS--GENERAL INFORMATION
fixed length control field 860509s1986 txu 000 0 eng
020 ## - INTERNATIONAL STANDARD BOOK NUMBER
International Standard Book Number 0834401371
020 ## - INTERNATIONAL STANDARD BOOK NUMBER
International Standard Book Number 9780834401372
050 00 - LIBRARY OF CONGRESS CALL NUMBER
Classification number BV4501.2
Item number .F34 1986
082 00 - DEWEY DECIMAL CLASSIFICATION NUMBER
Classification number 248.4
Edition information 19
100 1# - MAIN ENTRY--PERSONAL NAME
Personal name Faulkner, Paul.
245 10 - TITLE STATEMENT
Title Making things right when things go wrong :
Remainder of title ten proven ways to put your life in order /
Statement of responsibility, etc. Paul Faulkner.
260 ## - PUBLICATION, DISTRIBUTION, ETC.
Place of publication, distribution, etc. Ft. Worth, Tex. :
Name of publisher, distributor, etc. Sweet Pub.,
Date of publication, distribution, etc. c1986.
300 ## - PHYSICAL DESCRIPTION
Extent 202 p. ;
Dimensions 24 cm.
650 #0 - SUBJECT ADDED ENTRY--TOPICAL TERM
Topical term or geographic name entry element Christian life.
650 #0 - SUBJECT ADDED ENTRY--TOPICAL TERM
Topical term or geographic name entry element Conduct of life.
942 ## - ADDED ENTRY ELEMENTS (KOHA)
Source of classification or shelving scheme Library of Congress Classification
Koha item type Books
Suppress in OPAC No
999 ## -
-- 6896
-- 6896
Holdings
Withdrawn status Lost status Source of classification or shelving scheme Damaged status Not for loan Collection Home library Current library Shelving location Date acquired Total checkouts Full call number Barcode Date last seen Copy number Price effective from Koha item type
    Library of Congress Classification     Non-fiction Undergraduate Library (Christ Temple) Undergraduate Library (Christ Temple) General stacks 07/09/2025   BT40 FAU ulct00003747 07/09/2025 1 07/09/2025 Books
© 2023-2024 Copyright: Central University Libraries. All Rights Reserved | Created by: Mahone Tech Office